|
|
|
|
| LEADER |
00961nam a2200313 4500 |
| 001 |
DLU110130006 |
| 005 |
##20111223 |
| 040 |
# |
# |
|a DLU
|b eng
|
| 041 |
# |
# |
|a eng
|
| 044 |
# |
# |
|a uk
|
| 100 |
# |
# |
|a Vespa, Lucas.
|
| 245 |
# |
# |
|a MS-DFA : Multiple-stride pattern matching for scalable deep packet inspection /
|c Lucas Vespa, Ning Weng, Ramaswamy Ramaswamy.
|
| 653 |
# |
# |
|a Deep packet inspection
|
| 653 |
# |
# |
|a Memory optimization
|
| 653 |
# |
# |
|a Network security
|
| 653 |
# |
# |
|a Pattern matching
|
| 653 |
# |
# |
|a Performance optimization
|
| 700 |
# |
# |
|a Ramaswamy, Ramaswamy.
|
| 700 |
# |
# |
|a Weng, Ning.
|
| 773 |
# |
# |
|t The Computer Journal
|g Vol. 54, no. 2 (February 2011), p. 285-303
|
| 920 |
# |
# |
|a Phòng Tạp chí -- Trung tâm Thông tin - Thư viện Trường Đại học Đà Lạt
|
| 994 |
# |
# |
|a DLU
|
| 900 |
# |
# |
|a True
|
| 911 |
# |
# |
|a Trương Bảo Trâm Anh
|
| 925 |
# |
# |
|a G
|
| 926 |
# |
# |
|a A
|
| 927 |
# |
# |
|a BB
|
| 980 |
# |
# |
|a Thư viện Trường Đại học Đà Lạt
|